Effect of number of time irrigating urea on amaranthus gracilis yield in sandy loam soil condition; ឥទ្ធិពលនៃចំនួនដងស្រោចស្រពជីអ៊ុចរ៉េលើទិន្នផលដំណាំផ្ទីរសក្រោមលក្ខខណ្ឌដីល្បាយខ្សាច់ (Record no. 8082)
[ view plain ]
| 000 -LEADER | |
|---|---|
| fixed length control field | 00759nam a22001577a 4500 |
| 003 - CONTROL NUMBER IDENTIFIER | |
| control field | OSt |
| 005 - DATE AND TIME OF LATEST TRANSACTION | |
| control field | 20160616153921.0 |
| 008 - FIXED-LENGTH DATA ELEMENTS--GENERAL INFORMATION | |
| fixed length control field | 160616b xxu||||| |||| 00| 0 eng d |
| 040 ## - CATALOGING SOURCE | |
| Transcribing agency | RUA |
| 082 ## - DEWEY DECIMAL CLASSIFICATION NUMBER | |
| Classification number | AGR HEM 2014 B475 Or.1 |
| 100 ## - MAIN ENTRY--PERSONAL NAME | |
| 9 (RLIN) | 8437 |
| Personal name | HEM CHANSOPHEAK; ហែម ច័ន្ទសុភ័ក្រ្ត |
| 245 ## - TITLE STATEMENT | |
| Title | Effect of number of time irrigating urea on amaranthus gracilis yield in sandy loam soil condition; ឥទ្ធិពលនៃចំនួនដងស្រោចស្រពជីអ៊ុចរ៉េលើទិន្នផលដំណាំផ្ទីរសក្រោមលក្ខខណ្ឌដីល្បាយខ្សាច់ |
| 260 ## - PUBLICATION, DISTRIBUTION, ETC. (IMPRINT) | |
| Place of publication, distribution, etc. | Phnom Penh |
| Name of publisher, distributor, etc. | RUA |
| Date of publication, distribution, etc. | 2014 |
| 300 ## - PHYSICAL DESCRIPTION | |
| Extent | xi;53p. |
| Other physical details | ill. |
| Dimensions | 29cm. |
| 942 ## - ADDED ENTRY ELEMENTS (KOHA) | |
| Source of classification or shelving scheme | |
| Koha item type | AGR |
| Price effective from | Date last seen | Permanent Location | Not for loan | Date acquired | Source of classification or shelving scheme | Koha item type | Lost status | Withdrawn status | Date last checked out | Total Checkouts | Shelving location | Damaged status | Barcode | Current Location | Full call number |
|---|---|---|---|---|---|---|---|---|---|---|---|---|---|---|---|
| 2016-06-16 | 2019-09-26 | Library Block B | 2016-06-16 | AGR | 2019-08-30 | 5 | B475 | RUA059510 | Library Block B | AGR HEM 2014 B475 Or.1 | |||||
| 2016-06-16 | 2016-06-16 | Library Block B | 2016-06-16 | AGR | B475 | RUA058874 | Library Block B | AGR HEM 2014 B475 Or.2 | |||||||
| 2016-06-16 | 2016-06-16 | Library Block B | 2016-06-16 | AGR | B475 | RUA058994 | Library Block B | AGR HEM 2014 B475 Or.3 | |||||||
| 2016-06-16 | 2019-12-20 | Library Block B | 2016-06-16 | AGR | 2019-12-07 | 3 | B475 | RUA058634 | Library Block B | AGR HEM 2014 B475 Or.4 | |||||
| 2016-06-16 | 2024-02-09 | Library Block B | 2016-06-16 | AGR | 2024-01-29 | 1 | B475 | RUA058514 | Library Block B | AGR HEM 2014 B475 Or.5 | |||||
| 2016-06-16 | 2019-10-05 | Library Block B | 2016-06-16 | AGR | 2019-08-20 | 3 | B475 | RUA059122 | Library Block B | AGR HEM 2014 B475 Or.6 | |||||
| 2016-06-16 | 2016-06-16 | Library Block B | 2016-06-16 | AGR | B475 | RUA058730 | Library Block B | AGR HEM 2014 B475 Or.7 | |||||||
| 2016-06-16 | 2016-06-16 | Library Block B | 2016-06-16 | AGR | B475 | RUA058753 | Library Block B | AGR HEM 2014 B475 Or.8 |